| 000 | 00621nam a2200193Ia 4500 | ||
|---|---|---|---|
| 008 | 140626s9999 xx 000 0 und d | ||
| 100 | _aPark, Hyejin. | ||
| 245 |
_aNursing-senstive outcome change scores for hospitalized older adults with heart failure : _ba preliminary descriptive study / _cHyejin Park. |
||
| 260 | _cc2013. | ||
| 300 | _a6 : 1, page 234 | ||
| 440 | _aResearch in Gerontological Nursing | ||
| 521 | _aNUR | ||
| 650 | _aHeart failure. | ||
| 650 | _aHospitalization. | ||
| 650 | _aNursing sensitive outcome change scores. | ||
| 650 | _aOlder adults. | ||
| 650 | _aPatient care. | ||
| 942 | _cSE | ||
| 999 |
_c121470 _d121470 |
||